| 000 | 00608nam a22002051a 4500 | ||
|---|---|---|---|
| 001 | 376 | ||
| 003 | OSt | ||
| 005 | 20260204211650.0 | ||
| 008 | 031126s1978||||dr ||||||b||||||||||spa|| | ||
| 020 | _a9768156341 | ||
| 050 | _aR RD 036.7293 E56d | ||
| 082 | _aR. RD 036.7293 E56d | ||
| 245 | _aEnciclopedia Dominicana | ||
| 250 | _a2 | ||
| 264 | _aSanto Domingo : Enciclopedia Dominicana | ||
| 300 | _a8 Tomos | ||
| 505 | _aTomo 1 desde la letra A-BRIT. 2 BUC-D. T. E-Her T.4 He-MonT.5 Mon-Pet T.6. Pet-SANT.7. SAN-Z. T.8. Antología Poética | ||
| 650 | _a1.Enciclopedia DominicanaÌ | ||
| 942 |
_2ddc _cBK |
||
| 999 |
_c376 _d376 |
||